[Event "ICS rated blitz match"]
[Site "204.178.125.65"]
[Date "1999.08.13"]
[Round "?"]
[White "talqualtal"]
[Black "Hossa"]
[Result "1-0"]
[WhiteElo "2200"]
[BlackElo "2379"]
[PlyCount "71"]
[EventDate "1999.??.??"]

1. e4 c5 2. Nf3 d6 3. d4 cxd4 4. Nxd4 Nf6 5. Nc3 a6 6. Be2 d5 7. e5 Nfd7 8. e6
Nf6 9. exf7+ Kxf7 10. O-O e5 11. Nf3 Nc6 12. Bg5 Be6 13. Qd2 Bb4 14. a3 Ba5 15.
b4 Bc7 16. Rad1 d4 17. Bxf6 Qxf6 18. Ne4 Qf5 19. Nfg5+ Kg8 20. Nxe6 Qxe6 21.
Bf3 Bb6 22. Ng5 Qc4 23. Qd3 Qxd3 24. Bd5+ Kf8 25. Rxd3 Rc8 26. Ne6+ Ke7 27.
Nxg7 Rhd8 28. Be4 Rh8 29. Rh3 Kf6 30. Nf5 Rc7 31. Rh6+ Kg5 32. h4+ Kf4 33. Re1
Rf8 34. g3+ Kg4 35. Kg2 Rg8 36. f3# {Hossa checkmated} 1-0

[Event "ICS rated blitz match"]
[Site "204.178.125.65"]
[Date "1999.08.13"]
[Round "?"]
[White "Maect"]
[Black "Hossa"]
[Result "0-1"]
[WhiteElo "2063"]
[BlackElo "2360"]
[PlyCount "84"]
[EventDate "1999.??.??"]

1. e4 c5 2. Nc3 Nc6 3. g3 g6 4. Bg2 Bg7 5. d3 d6 6. Be3 f5 7. exf5 Bxf5 8. Qd2
Nf6 9. Nf3 O-O 10. Bh6 Bxh6 11. Qxh6 Ng4 12. Qd2 d5 13. h3 Nf6 14. g4 Bc8 15.
O-O-O d4 16. Ne4 Qd5 17. Nxf6+ Rxf6 18. Kb1 Be6 19. b3 Rxf3 20. Bxf3 Qxf3 21.
Rhe1 Bd5 22. Qh6 Qxf2 23. Rf1 Qe3 24. Qxe3 dxe3 25. Rfe1 Bf3 26. Kc1 Nb4 27. a3
Nd5 28. d4 Bxd1 29. Rxd1 Nc3 30. Re1 cxd4 31. Kb2 Rf8 32. Rxe3 dxe3 33. Kxc3
Rd8 34. b4 e2 35. h4 e5 36. Kb3 h5 37. gxh5 gxh5 38. Ka4 e4 39. c4 e1=Q 40. Ka5
Qc3 41. a4 Qxc4 42. b5 42... Qc3# {Maect checkmated} 0-1

[Event "ICS rated blitz match"]
[Site "204.178.125.65"]
[Date "1999.08.13"]
[Round "?"]
[White "Hossa"]
[Black "wimpy"]
[Result "1-0"]
[WhiteElo "2365"]
[BlackElo "2055"]
[PlyCount "71"]
[EventDate "1999.??.??"]

1. d4 Nf6 2. c4 e5 3. dxe5 Ng4 4. e4 Nxe5 5. f4 Nec6 6. Be3 Na6 7. Kf2 Bc5 8.
Bxc5 Nxc5 9. Nc3 Qe7 10. Nd5 Nxe4+ 11. Kf3 Qd6 12. Kxe4 O-O 13. Kf3 b5 14. cxb5
Nb4 15. Nxb4 Qxb4 16. Rc1 a6 17. Rxc7 axb5 18. Qc2 Rxa2 19. Rxc8 Rxb2 20. Rxf8+
Kxf8 21. Qxh7 d5 22. Qh8+ Ke7 23. Qxg7 Rb3+ 24. Kg4 Re3 25. Qg5+ f6 26. Qxd5
f5+ 27. Qxf5 Re6 28. Bxb5 Rf6 29. Qe5+ Kf7 30. Be8+ Kg7 31. Qg5+ Kh7 32. Qxf6
Qf8 33. Bg6+ Kh6 34. Qxf8+ Kxg6 35. f5+ Kh7 36. f6 {wimpy resigns} 1-0

[Event "ICS rated blitz match"]
[Site "204.178.125.65"]
[Date "1999.08.13"]
[Round "?"]
[White "AtticusFinch"]
[Black "Hossa"]
[Result "0-1"]
[WhiteElo "2236"]
[BlackElo "2370"]
[PlyCount "92"]
[EventDate "1999.??.??"]

1. e4 c5 2. d4 cxd4 3. c3 dxc3 4. Nxc3 Nc6 5. Nf3 e6 6. Bc4 Nf6 7. O-O Bb4 8.
e5 Ng4 9. Qe2 f6 10. exf6 Bxc3 11. bxc3 Nxf6 12. Bg5 h6 13. Bh4 O-O 14. Rad1
Qa5 15. Bb3 Qxc3 16. Rc1 Qb4 17. Rc4 Qa5 18. Rfc1 d5 19. Rc5 Qa3 20. Nd2 Qb4
21. Bxf6 Rxf6 22. Nf3 Qg4 23. h3 Qf4 24. Bd1 Bd7 25. Qb2 Rb8 26. a4 Rf5 27. a5
Rff8 28. Ba4 Qxa4 29. Ne5 Nxe5 30. Qxe5 Qh4 31. R5c2 Rbc8 32. Rxc8 Qxf2+ 33.
Kh2 Rxc8 34. Rxc8+ Bxc8 35. Qb8 Qc5 36. Qe5 Qxa5 37. Qb8 Qc5 38. Qe5 a5 39. Qa1
Bd7 40. Qe5 b5 41. Qb8+ Bc8 42. Qe5 a4 43. Kg3 a3 44. Kh4 Qf2+ 45. Kh5 Qxg2 46.
Qb8 46... Qg5# {AtticusFinch checkmated} 0-1

[Event "ICS rated blitz match"]
[Site "204.178.125.65"]
[Date "1999.08.13"]
[Round "?"]
[White "Hossa"]
[Black "wimpy"]
[Result "1-0"]
[WhiteElo "2385"]
[BlackElo "2050"]
[PlyCount "119"]
[EventDate "1999.??.??"]

1. d4 d5 2. c4 dxc4 3. e4 c6 4. Bxc4 g6 5. Qb3 e6 6. Nf3 Bg7 7. Bg5 Qb6 8. Qxb6
axb6 9. Nc3 Ne7 10. O-O h6 11. Bf4 O-O 12. Bd6 Re8 13. Rac1 Nd7 14. Rfe1 Nf6
15. Rc2 Bd7 16. Ne5 Nc8 17. Bc7 b5 18. Bb3 b4 19. Ne2 Na7 20. Ba5 Bf8 21. Rc4
b5 22. Rcc1 Rac8 23. Bb6 Ra8 24. Nxd7 Nxd7 25. Bxa7 Rxa7 26. Rxc6 Nf6 27. f3
Rd7 28. Rec1 Red8 29. d5 Rd6 30. dxe6 Rxc6 31. exf7+ Kg7 32. Rxc6 Rd2 33. Nf4
Nd7 34. Rc8 Bc5+ 35. Kf1 Be3 36. Rg8+ Kf6 37. Nd5+ Kxf7 38. Nxe3+ Ke7 39. Nd5+
Kd6 40. Rxg6+ Kc5 41. Rxh6 Ne5 42. Rh5 Kd4 43. Nxb4 Nc4 44. Rd5+ Ke3 45. Nc2+
Rxc2 46. Bxc2 Nd2+ 47. Rxd2 Kxd2 48. Bb3 Ke3 49. a4 b4 50. h4 Kd4 51. g4 Ke5
52. g5 Kd6 53. a5 Kc7 54. g6 Kd6 55. h5 Ke5 56. g7 Kd4 57. g8=Q Ke3 58. Qg5+
Kd4 59. Kf2 Kd3 60. Qd5# {wimpy checkmated} 1-0

[Event "ICS Rated blitz match"]
[Site "204.178.125.65"]
[Date "1999.08.13"]
[Round "?"]
[White "Hossa"]
[Black "Big-Pawn"]
[Result "1-0"]
[WhiteElo "2379"]
[BlackElo "2177"]
[PlyCount "43"]
[EventDate "1999.??.??"]

1. d4 g6 2. c4 Bg7 3. e4 d6 4. Nc3 Nc6 5. d5 Nb8 6. Bd3 Nd7 7. Nge2 e5 8. O-O
Ne7 9. f4 exf4 10. Nxf4 O-O 11. Be3 Ne5 12. Qe2 f5 13. Rae1 Bd7 14. Bb1 a6 15.
Ne6 Bxe6 16. dxe6 fxe4 17. Bxe4 N7c6 18. Rxf8+ Qxf8 19. Nd5 Bh6 20. Bxh6 Qxh6
21. Nxc7 Qh4 22. Nxa8 {Big-Pawn resigns} 1-0

[Event "ICS rated blitz match"]
[Site "204.178.125.65"]
[Date "1999.08.13"]
[Round "?"]
[White "sega"]
[Black "Hossa"]
[Result "0-1"]
[WhiteElo "2139"]
[BlackElo "2387"]
[PlyCount "106"]
[EventDate "1999.??.??"]

1. d4 d5 2. c4 c6 3. Nf3 Nf6 4. e3 e6 5. Nc3 Bd6 6. Bd3 b6 7. O-O Ba6 8. e4
dxe4 9. Nxe4 Nxe4 10. Bxe4 Bxc4 11. Re1 Bd5 12. Bg5 f6 13. Bh4 O-O 14. Rc1 Bb4
15. Bxd5 exd5 16. Re6 Qd7 17. Qe2 Bd6 18. Bg3 Be5 19. Rxe5 fxe5 20. Nxe5 Qf5
21. h3 Re8 22. Qg4 Qxg4 23. hxg4 Rc8 24. a3 c5 25. b3 Nc6 26. dxc5 Nxe5 27.
Bxe5 Rxc5 28. Rd1 Rac8 29. Kh2 Rd8 30. Bd4 Rcc8 31. Kg3 Re8 32. f3 Re2 33. Rd3
Rcc2 34. Kf4 Rc7 35. b4 Rxg2 36. b5 Re2 37. a4 Rc4 38. a5 bxa5 39. Kg3 Rb4 40.
Bxa7 Rxb5 41. Rc3 Rb7 42. Bd4 Rd2 43. Rc8+ Kf7 44. Be3 Rd3 45. Bf4 Rbb3 46. Ra8
Rxf3+ 47. Kg2 Rxf4 48. Ra7+ Kg6 49. Ra6+ Kg5 50. Rxa5 Kh4 51. Rxd5 Rg3+ 52. Kh2
Rfxg4 53. Rd2 53... Rh3# {sega checkmated} 0-1

[Event "ICS rated blitz match"]
[Site "204.178.125.65"]
[Date "1999.08.13"]
[Round "?"]
[White "yasha"]
[Black "Hossa"]
[Result "0-1"]
[WhiteElo "2058"]
[BlackElo "2393"]
[PlyCount "59"]
[EventDate "1999.??.??"]

1. e4 c5 2. Nf3 d6 3. d4 cxd4 4. Nxd4 Nf6 5. Nc3 a6 6. Bg5 e5 7. Nf5 Bxf5 8.
exf5 Be7 9. Bc4 O-O 10. O-O Qd7 11. Bxf6 Bxf6 12. Nd5 Qxf5 13. Bd3 Qg5 14. Qf3
Bd8 15. g3 Nd7 16. h4 Qh6 17. Kg2 Nc5 18. Rad1 Rb8 19. b4 Nxd3 20. Rxd3 a5 21.
a3 axb4 22. axb4 f5 23. Rdd1 f4 24. Qb3 Kh8 25. Rfe1 Rc8 26. c4 Qg6 27. Nc3
fxg3 28. fxg3 Bxh4 29. Ne4 Be7 30. Rf1 {yasha resigns} 0-1

[Event "ICS rated blitz match"]
[Site "204.178.125.65"]
[Date "1999.08.13"]
[Round "?"]
[White "Hossa"]
[Black "Masterchess"]
[Result "0-1"]
[WhiteElo "2397"]
[BlackElo "2886"]
[PlyCount "128"]
[EventDate "1999.??.??"]

1. d4 d5 2. c4 c6 3. Nc3 Nf6 4. cxd5 cxd5 5. Bf4 Nc6 6. e3 Bf5 7. Bd3 Bxd3 8.
Qxd3 e6 9. Nge2 Bb4 10. Bg5 Bd6 11. Qb5 a6 12. Bxf6 gxf6 13. Qb3 Qc7 14. e4
dxe4 15. Nxe4 Bb4+ 16. N4c3 O-O 17. O-O Bd6 18. f4 Na5 19. Qc2 Rac8 20. Rac1 b5
21. Qd3 Qe7 22. Rfe1 Nc4 23. b3 Na5 24. Rc2 f5 25. Rec1 Qh4 26. Qd2 Ba3 27. Rf1
Nc6 28. Qd1 Rfd8 29. Rf3 Nxd4 30. Rg3+ Qxg3 31. Nxg3 Nxc2 32. Qxc2 Bb4 33. Nge2
Bxc3 34. Qb1 Rd2 35. Nxc3 Rxc3 36. Qe1 Rcc2 37. Qg3+ Kf8 38. h4 Rxa2 39. b4 h6
40. Kh2 Rdb2 41. h5 Rxb4 42. Kh3 Rbb2 43. Qc3 Rxg2 44. Qh8+ Ke7 45. Qxh6 Rg4
46. Qh8 Ra3+ 47. Kh2 Rxf4 48. Qe5 Rf2+ 49. Kg1 Rc2 50. Qd4 Raa2 51. Qa7+ Kd6
52. Qb8+ Kd5 53. Qd8+ Ke5 54. Qd1 Rg2+ 55. Kf1 Raf2+ 56. Ke1 Rg1+ 57. Kxf2 Rxd1
58. Kg2 b4 59. Kh3 b3 60. Kh2 b2 61. h6 b1=Q 62. Kh3 Qd3+ 63. Kh4 Rh1+ 64. Kg5
64... Qd2# {Hossa checkmated} 0-1

[Event "ICS rated blitz match"]
[Site "204.178.125.65"]
[Date "1999.08.13"]
[Round "?"]
[White "svg"]
[Black "Hossa"]
[Result "0-1"]
[WhiteElo "2024"]
[BlackElo "2395"]
[PlyCount "52"]
[EventDate "1999.??.??"]

1. e4 c5 2. Nf3 d6 3. d4 cxd4 4. Nxd4 Nf6 5. Nc3 a6 6. Be3 e5 7. Nb3 Be6 8. Qd2
d5 9. exd5 Nxd5 10. Nxd5 Qxd5 11. O-O-O Qxd2+ 12. Rxd2 Bb4 13. c3 Bxb3 14. cxb4
Bxa2 15. Bc5 Nd7 16. Bd6 Rc8+ 17. Kd1 Bb3+ 18. Ke1 Rc1+ 19. Ke2 Bc4+ 20. Ke3
Rxf1 21. Rxf1 Bxf1 22. f4 exf4+ 23. Kxf4 Bc4 24. b5 Bxb5 25. Rc2 Nb6 26. Ke5
26... Nc4+ {svg resigns} 0-1

[Event "ICS rated blitz match"]
[Site "204.178.125.65"]
[Date "1999.08.13"]
[Round "?"]
[White "Hossa"]
[Black "ChrisDemers"]
[Result "1-0"]
[WhiteElo "2367"]
[BlackElo "2204"]
[PlyCount "75"]
[EventDate "1999.??.??"]

1. d4 e6 2. e4 d5 3. exd5 exd5 4. Bd3 Bd6 5. Ne2 Ne7 6. O-O Bg4 7. f3 Bh5 8. c4
c6 9. c5 Bc7 10. Re1 O-O 11. Bg5 f6 12. Bf4 Nd7 13. Bxc7 Qxc7 14. Ng3 Bg6 15.
Rxe7 Rae8 16. Rxe8 Rxe8 17. Bxg6 hxg6 18. Qd3 Qf4 19. Nc3 f5 20. Nce2 Qh4 21.
f4 Nf6 22. Qa3 Ne4 23. Qxa7 Nxg3 24. hxg3 Qg4 25. Qxb7 Rxe2 26. Qxc6 Qxg3 27.
Qxd5+ Kh7 28. Qf3 Qxf3 29. gxf3 Rxb2 30. c6 Rc2 31. d5 Kg8 32. Rd1 Kf7 33. d6
Ke8 34. d7+ Kd8 35. Rd6 Rc5 36. Re6 Kc7 37. Re8 Rd5 38. Rc8+ {
ChrisDemers resigns} 1-0

[Event "ICS rated blitz match"]
[Site "204.178.125.65"]
[Date "1999.08.13"]
[Round "?"]
[White "Hossa"]
[Black "JudgeTurpin"]
[Result "0-1"]
[WhiteElo "2376"]
[BlackElo "2587"]
[PlyCount "105"]
[EventDate "1999.??.??"]

1. d4 d5 2. c4 c6 3. Nc3 Nf6 4. cxd5 cxd5 5. f3 e6 6. Bg5 h6 7. Bxf6 Qxf6 8. e4
Be7 9. Rc1 Nc6 10. Bb5 Qg5 11. Rc2 Bd7 12. Bxc6 Bxc6 13. Nh3 Qh4+ 14. Nf2 dxe4
15. fxe4 Rd8 16. g3 Qg5 17. O-O Bf6 18. Rd2 h5 19. Rd3 h4 20. g4 O-O 21. a4 Qa5
22. b3 Kh8 23. Ne2 Bg5 24. Rc3 f5 25. gxf5 exf5 26. Qc2 fxe4 27. Rc5 Qd2 28.
Qxd2 Bxd2 29. Nd1 Rf3 30. Rc2 Bg5 31. Rc4 Rxb3 32. Nec3 Bf6 33. d5 Bxd5 34.
Nxd5 Rxd5 35. Rxe4 Rd2 36. Nf2 Rbb2 37. Kg2 Ra2 38. Kf3 Ra3+ 39. Kg2 h3+ 40.
Kg1 Bd4 41. Rf4 a5 42. Rf8+ Kh7 43. Rc1 Rxa4 44. Kf1 Raa2 45. Rd1 Rxf2+ 46.
Rxf2 Rxf2+ 47. Ke1 Ba7 48. Rd5 Rxh2 49. Rxa5 Rh1+ 50. Kd2 h2 51. Ra4 Rb1 52.
Rxa7 h1=Q 53. Ra8 {Hossa resigns} 0-1

[Event "ICS Rated blitz match"]
[Site "204.178.125.65"]
[Date "1999.08.13"]
[Round "?"]
[White "JudgeTurpin"]
[Black "Hossa"]
[Result "1-0"]
[WhiteElo "2594"]
[BlackElo "2369"]
[PlyCount "176"]
[EventDate "1999.??.??"]

1. d4 d5 2. Bf4 Nf6 3. e3 c5 4. c3 Qb6 5. Qc2 Bg4 6. dxc5 Qxc5 7. Qb3 b6 8. Nd2
Nbd7 9. Qa4 e6 10. Nb3 Qe7 11. Bc7 Ne4 12. Qc6 Rc8 13. Qb7 Rxc7 14. Qxc7 Qh4
15. g3 Qg5 16. Bb5 e5 17. Qxa7 Qd8 18. Bc6 Nef6 19. h3 Be6 20. Nd2 Bc5 21. Qa8
Qxa8 22. Bxa8 O-O 23. Bc6 Rc8 24. Bb5 Ra8 25. Ngf3 Ra7 26. a4 Rc7 27. Ke2 Bd6
28. Rad1 Bc5 29. g4 h6 30. g5 hxg5 31. Nxg5 Bf5 32. Ndf3 Bc2 33. Rc1 Bf5 34.
Rhd1 Bd6 35. c4 Nf8 36. Nh4 Be6 37. cxd5 Bxd5 38. Rxc7 Bxc7 39. Nf5 Be6 40.
Ne7+ Kh8 41. Nc6 Bb3 42. Rd3 Ba2 43. Nb4 Be6 44. Na6 e4 45. Rd1 Be5 46. Rd8 Kg8
47. Nxe6 fxe6 48. b3 Nd5 49. Be8 Bf6 50. Rc8 Nc3+ 51. Kd2 Nd5 52. Rc4 Bh4 53.
Ke1 Nxe3 54. Rxe4 Nf5 55. Rb4 Bd8 56. Ke2 e5 57. f4 exf4 58. Rxf4 Ne6 59. Rb4
g5 60. Bd7 Kf7 61. Kf3 Nh4+ 62. Ke4 Nf4 63. Rc4 Nh5 64. Bg4 Ng3+ 65. Ke3 Kg7
66. Rc8 Nhf5+ 67. Kd3 Bf6 68. Rc7+ Kf8 69. Nb4 Bd8 70. Rc8 Ke8 71. Nc6 Kd7 72.
Rxd8+ Kxc6 73. Bf3+ Kc7 74. Rg8 Ne7 75. Rxg5 Ngf5 76. Bg4 Nh4 77. Ke4 Nhg6 78.
b4 Nf8 79. Rg7 Kd6 80. Rf7 Nfg6 81. Rf6+ Kc7 82. Re6 Kd8 83. Rxb6 Kc7 84. Re6
Nd5 85. Rxg6 Nxb4 86. a5 Na2 87. Rb6 Nc1 88. Kd4 88... Kd8 {Hossa resigns} 1-0

[Event "ICS Rated blitz match"]
[Site "204.178.125.65"]
[Date "1999.08.13"]
[Round "?"]
[White "Hossa"]
[Black "JudgeTurpin"]
[Result "1/2-1/2"]
[WhiteElo "2362"]
[BlackElo "2601"]
[PlyCount "164"]
[EventDate "1999.??.??"]

1. d4 d5 2. c4 e5 3. dxe5 d4 4. Nf3 Nc6 5. Bf4 Bb4+ 6. Nbd2 Be6 7. e3 dxe3 8.
Bxe3 Bg4 9. Be2 Bxf3 10. Bxf3 Nxe5 11. Bxb7 Rb8 12. Qa4+ Qd7 13. Qxd7+ Kxd7 14.
Ba6 Bc5 15. Rd1 Bxe3 16. Nb3+ Ke8 17. fxe3 Rb6 18. Rd5 Ng4 19. Bb5+ c6 20. Rg5
f5 21. Ba4 Ne7 22. e4 Rb4 23. exf5 Rxc4 24. f6 Nxf6 25. Ra5 Nfd5 26. Nd2 Rc1+
27. Bd1 Kd8 28. Rxa7 Ne3 29. Ke2 Re8 30. Ra4 Nc8 31. Re4 Nxg2 32. Rxe8+ Kxe8
33. Kf3 Nh4+ 34. Kg3 Nf5+ 35. Kf4 g6 36. Ba4 Rc5 37. Ne4 Rc4 38. b3 Rc2 39.
Nf6+ Kf7 40. b4 Rc4+ 41. Ke5 Ke7 42. Ng8+ Kf8 43. Nf6 Nb6 44. Bb3 Rxb4 45. Rc1
Rb5+ 46. Ke4 Ne7 47. Be6 Rb2 48. Rf1 Kg7 49. Kd3 Nf5 50. Nh5+ Kh6 51. Nf6 Nh4
52. Ng4+ Kg5 53. Nf6 h5 54. Ne4+ Kh6 55. h3 Nd5 56. Nc3 Nxc3 57. Kxc3 Re2 58.
Rf6 Kg5 59. Bc4 Re3+ 60. Kd4 Kxf6 61. Kxe3 Ke5 62. Bf7 Ng2+ 63. Kf3 Nf4 64. h4
Kf5 65. Be8 Nd3 66. a4 Ne5+ 67. Kg3 Ke6 68. a5 Kd6 69. a6 Kc7 70. Kf4 Nd3+ 71.
Ke3 Nb4 72. Bxg6 Nxa6 73. Bxh5 Kd6 74. Bf3 c5 75. h5 Ke7 76. Kd3 Kf6 77. Kc4
Nc7 78. Be4 Kg5 79. Bg6 Ne6 80. Kb5 Nf4 81. Kxc5 Nxg6 82. hxg6 82... Kxg6 {
Game drawn because neither player has mating material} 1/2-1/2

[Event "ICS rated bullet match"]
[Site "204.178.125.65"]
[Date "1999.08.13"]
[Round "?"]
[White "JudgeTurpin"]
[Black "Hossa"]
[Result "1-0"]
[WhiteElo "2477"]
[BlackElo "2337"]
[PlyCount "113"]
[EventDate "1999.??.??"]

1. d4 d5 2. Bf4 Nf6 3. e3 c5 4. c3 Qb6 5. Qc2 Bg4 6. dxc5 Qxc5 7. Qb3 b6 8. Be5
Nbd7 9. Qa4 Ne4 10. b4 b5 11. Bxb5 Qb6 12. Bc6 Rd8 13. Bd4 Qc7 14. f3 Ng3 15.
hxg3 Qxg3+ 16. Kf1 Bf5 17. Qb5 Qg6 18. e4 dxe4 19. fxe4 Bxe4 20. Bxe4 Qxe4 21.
Nd2 Qf4+ 22. Ngf3 a6 23. Qxa6 e5 24. Re1 Be7 25. Re4 Qf6 26. Qxf6 gxf6 27. Be3
Ra8 28. Reh4 Nf8 29. Ne4 Rxa2 30. Rh5 Rg8 31. g3 Rg4 32. R1h4 Ra1+ 33. Kg2 Rg8
34. Rf5 Ra2+ 35. Nfd2 Rg6 36. Rh6 Rc2 37. Rf2 Rxh6 38. Bxh6 Nd7 39. Bg7 Kd8 40.
g4 Rb2 41. Kg3 Ra2 42. Rh2 Rb2 43. Rxh7 Ra2 44. Rh8+ Kc7 45. Nc4 Ra1 46. Ne3
Kc6 47. Rc8+ Kb5 48. c4+ Kb6 49. Nd5+ Ka7 50. Rc7+ Ka8 51. Nxe7 Rg1+ 52. Kf2
Rxg4 53. Nc6 Rf4+ 54. Kg3 Rg4+ 55. Kxg4 f5+ 56. Kxf5 f6 57. Ra7# {
Hossa checkmated} 1-0

[Event "ICS rated bullet match"]
[Site "204.178.125.65"]
[Date "1999.08.13"]
[Round "?"]
[White "Hossa"]
[Black "JudgeTurpin"]
[Result "0-1"]
[WhiteElo "2327"]
[BlackElo "2487"]
[PlyCount "62"]
[EventDate "1999.??.??"]

1. d4 d5 2. c4 e5 3. dxe5 d4 4. Nf3 Nc6 5. Bf4 Bb4+ 6. Nbd2 Nge7 7. a3 Ng6 8.
Bg3 Bxd2+ 9. Qxd2 Bg4 10. O-O-O O-O 11. Nxd4 Ncxe5 12. h3 Bh5 13. Qb4 c5 14.
Qxc5 Rc8 15. Qxa7 Rxc4+ 16. Nc2 Qc7 17. Rd2 Rc8 18. Kb1 Rxc2 19. Bxe5 Rc1+ 20.
Ka2 Qc4+ 21. b3 Qe4 22. Rb2 Qxe5 23. Qb8 Qxb8 24. e3 R8c2 25. f4 Qd6 26. Bd3
Rxb2+ 27. Kxb2 Rxh1 28. Kc3 Rd1 29. Bxg6 Qc5+ 30. Kb2 Qc1+ 31. Ka2 31... Qa1# {
Hossa checkmated} 0-1

[Event "ICS Rated blitz match"]
[Site "204.178.125.65"]
[Date "1999.08.13"]
[Round "?"]
[White "Panthee"]
[Black "Hossa"]
[Result "0-1"]
[WhiteElo "2261"]
[BlackElo "2372"]
[Annotator "Hiarcs 7.32 (19s)"]
[PlyCount "42"]
[EventDate "1999.??.??"]

1. e4 1... Nc6 {Opening = 1.e4 Nc6} 2. b3 (2. f4 Nf6 (2... d5 3. e5 d4 4. Bc4
Bf5 5. d3 e6 6. h4 Be7 7. Nf3 Bg4 8. Nbd2 Nh6 9. g3 Nf5 10. Ne4 Nb4 11. Bb3 a5
12. a3 a4 13. axb4 axb3 14. Rxa8 Qxa8 15. c3 dxc3 16. bxc3 Qa1 17. O-O {
Kusterle,F-Grosar,V/Portoroz 1996/EXP 51/0-1 (37)}) 3. e5 Ng8 4. d4 d5 5. c3
Bf5 6. Nf3 e6 7. Bd3 Qd7 8. b4 Bxd3 9. Qxd3 h5 10. Nbd2 g6 11. a4 a5 12. b5
Nce7 13. Ba3 Nf5 14. Bxf8 Kxf8 15. O-O h4 16. Rfc1 16... Ngh6 {
Zhu Dinglong-Rossi,C/Roma op 1990/TD 90\03/0-1 (27)}) 2... e5 $146 (2... Nf6 3.
Nc3 e5 4. Bb2 Bc5 5. h3 a6 6. Nf3 d6 7. Bd3 Nd4 8. Nxd4 Bxd4 9. Qf3 Bd7 10. g4
Bc6 11. g5 Nd7 12. Rg1 Nc5 13. Bc4 Qd7 14. d3 b5 15. Bd5 Bxd5 16. exd5 b4 17.
Nd1 Bxb2 18. Nxb2 O-O 19. Rg4 f5 20. gxf6 Rxf6 21. Qxf6 Qxg4 22. hxg4 gxf6 23.
f3 f5 24. gxf5 Rf8 25. a3 a5 26. Nc4 Rxf5 27. Ke2 h5 28. Nxa5 bxa3 29. Nc4 h4
30. Nxa3 Nd7 31. Rh1 Nf6 32. c4 Rf4 33. Nb5 Ne8 34. Kf2 Kf7 35. Nc3 Rd4 36. Ke3
Ng7 37. Ne2 {Korhonen,J-Kvist,G/FIN-chT 1991/EXT 91ch2/1-0 (69)}) 3. Bb2 3...
Bc5 {Schwarz geht zum Angriff ueber} 4. Nf3 Nf6 5. d3 $17 {Befestigt e4} (5.
Nxe5 $5 {muss beachtet werden} 5... Nxe4 6. d4 $11) 5... Ng4 6. d4 exd4 7. Nxd4
$4 $19 {und es geht weiter bergab} (7. Bb5 $17 $142) 7... Qf6 {Droht Matt: Qxf2
} 8. Qxg4 Bxd4 9. Bxd4 Nxd4 10. Bd3 (10. Qd1 Nxb3 11. cxb3 11... Qxa1 $19)
10... Nxc2+ $1 {triumphiert} 11. Bxc2 Qxa1 12. O-O Qb2 13. Bd3 O-O 14. h4 (14.
Qf4 {macht keinen grossen Unterschied} 14... c6 15. Qd2 Qxd2 16. Nxd2 16... Rd8
$19) 14... Qxa2 15. h5 (15. Qg3 {
kann das Vorangegangene nicht ungeschehen machen} 15... Qxb3 16. Rc1 16... c6
$19) 15... Qxb3 16. h6 {Es droht Matt} 16... g6 17. Qg3 (17. Qg5 {
aendert den traurigen Lauf der Dinge nicht} 17... Qb2 $19) 17... d6 18. Nd2 (
18. Rc1 {aendert nichts mehr} 18... Qb6 $19) 18... Qc3 19. Nb1 Qe5 20. Qe3 f5
21. f4 Qc5 (21... Qc5 22. Qxc5 dxc5 23. Bc4+ 23... Kh8 $19) 0-1

[Event "ICS Rated blitz match"]
[Site "204.178.125.65"]
[Date "1999.08.13"]
[Round "?"]
[White "Hossa"]
[Black "Panthee"]
[Result "1-0"]
[WhiteElo "2383"]
[BlackElo "2250"]
[Annotator "Hiarcs 7.32 (19s)"]
[PlyCount "53"]
[EventDate "1999.??.??"]

1. d4 (1. d4) (1. d4) (1. d4) (1. d4) 1... a6 {Opening = A40 - 1.d4 ---} 2. c4
e6 3. Nc3 Nf6 4. e4 {Weiss erlangt Initiative} 4... c5 $16 (4... d5 5. e5 Ne4
6. Nxe4 dxe4 7. Ne2 $14) 5. dxc5 Bxc5 6. e5 Ng8 7. Ne4 Be7 (7... Nc6 $5 8. Nf3
Bb4+ 9. Bd2 f5 10. Nd6+ Bxd6 11. exd6 11... Nf6 $16) 8. Nd6+ Bxd6 9. Qxd6 Qe7
10. Qxe7+ $16 (10. Nf3 10... Nc6 $18) 10... Nxe7 11. Bd2 Nbc6 12. Bc3 Ng6 13.
Nf3 13... O-O $18 (13... b6 14. h4 $16) 14. Rd1 f6 15. exf6 gxf6 16. c5 Kf7 17.
Bd3 Rg8 18. Nd2 (18. Be4 18... Nge7 $18) 18... h5 (18... Nf4 $5 $142 19. Bxh7
19... Rxg2 $18) 19. Be4 (19. Ne4 Nge5 20. Nd6+ 20... Kf8 $18) 19... Nge5 (19...
Nce5 20. O-O $1 $18 {logisch und kraftvoll}) 20. O-O (20. f4 Ng6 21. g3 b5 22.
cxb6 22... d5 $18) 20... Rb8 21. f4 Ng4 22. Nc4 Ke7 (22... b5 23. cxb6 d5 24.
h3 dxe4 25. hxg4 hxg4 26. Rfe1 $18) 23. Rfe1 Nd8 (23... h4 24. Rd3 Na7 25. Ba5
$18) 24. Ba5 Nf7 (24... Nc6 {ist der letzte Strohhalm} 25. Bc7 $1 {
zwingend und schoen} 25... Ra8 $18) 25. Bc7 Ra8 (25... f5 {
nuetzt auch nichts mehr} 26. Bf3 b5 27. Nd6 $18) 26. Nb6 Ra7 (26... h4 {
aendert nichts am Ausgang der Partie} 27. Nxa8 h3 28. g3 $18) 27. Bb8 (27. Bb8
Ra8 28. Nxa8 $18) 1-0